[Event "COL-ch sf"]
[Site "Pereira"]
[Date "2024.03.26"]
[Round "2"]
[White "Zuluaga Alzate, Ernesto Uriel"]
[Black "Andrade Salcedo, Jorge Mario"]
[Result "1-0"]
[WhiteElo "1990"]
[BlackElo "1726"]
[PlyCount "67"]
[EventDate "2024.03.26"]
[EventType "swiss"]
[EventRounds "11"]
[EventCountry "COL"]
[SourceTitle "CB14_2024"]
[SourceDate "2024.04.01"]
[SourceVersion "1"]
[SourceVersionDate "2024.04.01"]
[SourceQuality "1"]

1. e4 e6 2. d3 d5 3. Nd2 c5 4. g3 Nc6 5. Bg2 Nf6 6. Ngf3 Be7 7. 0-0 0-0 8. e5 Nd7 9. Re1 Qc7 10. Qe2 b5 11. Nf1 Bb7 12. Bf4 a5 13. h4 Rfc8 14. N1h2 Qd8 15. Rac1 a4 16. Bh3 a3 17. b3 c4 18. d4 Nb4 19. Ng5 Nf8 20. Qh5 Qe8 21. Ng4 cxb3 22. cxb3 Nxa2 23. Rxc8 Rxc8 24. Bf1 Nc3 25. Bd3 Ne4 26. Bxb5 Qxb5 27. Qxf7+ Kh8 28. Qxe7 Nxg5 29. Bxg5 Qa5 30. Rf1 Ng6 31. Qxb7 Rf8 32. h5 a2 33. h6 gxh6 34. Nf6 1-0